Cities of Los Angeles County to Map - Statistics

General Stats
  • This quiz has been taken 463 times
  • The average score is 33 of 88
Answers on the Map
Answers color-coded by a green-red scale on the quiz's map according to % correct below.
 
Answer Stats
Answer % Correct
Los Angeles
86%
Malibu
83%
Long Beach
69%
Santa Monica
69%
Beverly Hills
67%
Palmdale
67%
Lancaster
66%
Pasadena
65%
Santa Clarita
65%
Glendale
64%
Calabasas
63%
San Fernando
63%
Burbank
62%
West Hollywood
62%
Culver City
61%
Avalon
57%
Hidden Hills
57%
Agoura Hills
56%
Torrance
56%
La Cañada Flintridge
54%
Inglewood
53%
Westlake Village
51%
Manhattan Beach
49%
Rancho Palos Verdes
49%
El Segundo
47%
Signal Hill
47%
Hermosa Beach
46%
Palos Verdes Estates
46%
Redondo Beach
46%
Rolling Hills
44%
Compton
43%
Carson
41%
Hawthorne
40%
Hawaiian Gardens
38%
Lawndale
38%
Rolling Hills Estates
38%
South Pasadena
38%
Lomita
37%
Lakewood
36%
Industry
34%
Gardena
32%
Pomona
31%
Alhambra
30%
Diamond Bar
30%
Arcadia
28%
Claremont
28%
San Marino
28%
Covina
27%
Paramount
27%
South Gate
27%
West Covina
27%
Monterey Park
25%
San Gabriel
25%
Sierra Madre
25%
Vernon
25%
Whittier
25%
Azusa
24%
Downey
24%
South El Monte
24%
El Monte
23%
Artesia
22%
Commerce
22%
Duarte
22%
La Habra Heights
22%
Lynwood
22%
Montebello
22%
Walnut
22%
Cerritos
21%
Glendora
21%
La Verne
21%
Norwalk
21%
Pico Rivera
21%
Rosemead
21%
San Dimas
21%
Santa Fe Springs
21%
Baldwin Park
20%
Bradbury
20%
Huntington Park
20%
Monrovia
20%
Temple City
20%
Bell
19%
Bellflower
19%
La Mirada
19%
Cudahy
18%
Maywood
18%
Bell Gardens
17%
Irwindale
17%
La Puente
17%
No matching quizzes found
Score Distribution
Percent of People with Each Score
Percentile by Number Answered
Your Score History
You have not taken this quiz